| 000 | 00768cam a22002417a 4500 | ||
|---|---|---|---|
| 003 | CHAP | ||
| 005 | 20220329135039.0 | ||
| 008 | 971013s1958 r 00010 eng d | ||
| 010 | _a30079 | ||
| 011 | _a31051 | ||
| 035 | _a35163 | ||
| 040 | _cCHAP | ||
| 090 | _aR-1057 | ||
| 100 | 0 | 0 |
_aLinsley, Earle Gorton. _967004 |
| 245 | 1 | 3 |
_aAn addition to the know Cerambycid fauna of the Revillagigedo Archipielago (Coleoptera) _c/por Earle Gorton Linsley |
| 500 | _aSobretiro de: Bulletin So. Calif. Academy of Sciences 57(1):49-50, 1958. | ||
| 590 |
_aBATCH-UPD _b10 _c20130110 _lUCH01 _h2158 |
||
| 590 |
_aCONVERSION _b10 _c20130109 _lUCH01 _h1317 |
||
| 650 | 1 | 4 |
_aCerambycidae. _921333 |
| 901 | _aBK | ||
| 942 | _cREIMP | ||
| 949 |
_aR-1057 _bBC _cR _d-81261 _eTS1 _i35163 _si |
||
| 999 |
_c30079 _d30079 |
||